Tara Rum Pum (Record no. 16984)

MARC details
000 -LEADER
fixed length control field 03118nam a22004697a 4500
003 - CONTROL NUMBER IDENTIFIER
control field dpl
005 - DATE AND TIME OF LATEST TRANSACTION
control field 2008092907507.0
007 - PHYSICAL DESCRIPTION FIXED FIELD--GENERAL INFORMATION
fixed length control field DVD
008 - FIXED-LENGTH DATA ELEMENTS--GENERAL INFORMATION
fixed length control field 080917t xxu||||| |||| 00| 0 eng d
010 ## - LIBRARY OF CONGRESS CONTROL NUMBER
LC control number DVD-000731-733 & DVD-005242-5247
024 ## - OTHER STANDARD IDENTIFIER
Terms of availability 399.00 & 149.00 (Revised Price)
Standard number or code DVD YRD 60195
035 ## - SYSTEM CONTROL NUMBER
System control number DVD-000731-733
035 ## - SYSTEM CONTROL NUMBER
System control number DVD-005242-5247
040 ## - CATALOGING SOURCE
Original cataloging agency DPL
Transcribing agency DPL
082 ## - DEWEY DECIMAL CLASSIFICATION NUMBER
Classification number DVD / TARA
245 ## - TITLE STATEMENT
Title Tara Rum Pum
Statement of responsibility, etc Yash Chopra Presents
Medium [Videorecording] DVD /
260 ## - PUBLICATION, DISTRIBUTION, ETC. (IMPRINT)
Place of publication, distribution, etc Mumbai
Name of publisher, distributor, etc Yash Raj Films Home Entertainment
300 ## - PHYSICAL DESCRIPTION
Extent 2 Videodisc DVD ;
Other physical details sd., col.;
Dimensions 4 3/4 in.
Type of unit DVD
440 ## - SERIES STATEMENT/ADDED ENTRY--TITLE
Title Yash Raj Films Home Entertainment
538 ## - SYSTEM DETAILS NOTE
System details note Lanuage, Hindi; Subtitle, English
538 ## - SYSTEM DETAILS NOTE
System details note DVD players, multimedia systems & PC with MPEG card; version 2.0 players; MPEG; NTSC All Region
650 ## - SUBJECT ADDED ENTRY--TOPICAL TERM
Topical term or geographic name as entry element Motion Picture
700 ## - ADDED ENTRY--PERSONAL NAME
Personal name Chopra, Yash
700 ## - ADDED ENTRY--PERSONAL NAME
Personal name Anand, Siddharth
700 ## - ADDED ENTRY--PERSONAL NAME
Personal name Chopra, Aditya
700 ## - ADDED ENTRY--PERSONAL NAME
Personal name Vishal & Shekhar
700 ## - ADDED ENTRY--PERSONAL NAME
Personal name Akhtar, Javed
700 ## - ADDED ENTRY--PERSONAL NAME
Personal name Faisal, Habib
700 ## - ADDED ENTRY--PERSONAL NAME
Personal name Pradhan, Binod
942 ## - ADDED ENTRY ELEMENTS (KOHA)
Source of classification or shelving scheme Dewey Decimal Classification
Koha item type CD-ROMs, DVDs, VHS
Classification part DVD
Call number suffix TARA
Holdings
Withdrawn status Lost status Source of classification or shelving scheme Damaged status Not for loan Home library Current library Date acquired Source of acquisition Cost, normal purchase price Total Checkouts Total Renewals Full call number Barcode Date last seen Date checked out Copy number Cost, replacement price Price effective from Koha item type
    Dewey Decimal Classification     Central Library Central Library 21/10/2008 Purchase 399.00 34 1 DVD TARA DVD-000731 23/03/2013 05/03/2013 1 399.00 21/10/2008 CD-ROMs, DVDs, VHS
    Dewey Decimal Classification     Janak Puri Janak Puri 04/12/2009 Pioneers/885/29-10-09/325/13-10-09 /06-11-09 149.00 23   DVD TARA DVD-005242 27/05/2014 13/05/2014 1 149.00 04/12/2009 CD-ROMs, DVDs, VHS
    Dewey Decimal Classification     Karol Bagh Karol Bagh 04/12/2009 Pioneers/885/29-10-09/325/13-10-09 /06-11-09 149.00 12   DVD TARA DVD-005245 02/05/2013 10/04/2013 1 149.00 04/12/2009 CD-ROMs, DVDs, VHS
    Dewey Decimal Classification     Narela Narela 04/12/2009 Pioneers/885/29-10-09/325/13-10-09 /06-11-09 149.00 11   DVD TARA DVD-005246 17/03/2012 16/03/2012 1 149.00 04/12/2009 CD-ROMs, DVDs, VHS
    Dewey Decimal Classification     Patel Nagar Patel Nagar 21/10/2008 Purchase 399.00 25   DVD TARA DVD-000733 05/07/2012 29/06/2012 1 399.00 21/10/2008 CD-ROMs, DVDs, VHS
    Dewey Decimal Classification     R.K.Puram-8 R.K.Puram-8 04/12/2009 Pioneers/885/29-10-09/325/13-10-09 /06-11-09 149.00 2   DVD TARA DVD-005243 01/12/2011 18/11/2011 1 149.00 04/12/2009 CD-ROMs, DVDs, VHS
    Dewey Decimal Classification     Sarojini Nagar Sarojini Nagar 21/10/2008 Purchase 399.00 36   DVD TARA DVD-000732 05/02/2016 21/01/2016 1 399.00 21/10/2008 CD-ROMs, DVDs, VHS
    Dewey Decimal Classification     Shahdara Branch Shahdara Branch 04/12/2009 Pioneers/885/29-10-09/325/13-10-09 /06-11-09 149.00     DVD TARA DVD-005247 04/12/2009   1 149.00 04/12/2009 CD-ROMs, DVDs, VHS
    Dewey Decimal Classification     Vinoba Puri Vinoba Puri 04/12/2009 Pioneers/885/29-10-09/325/13-10-09 /06-11-09 149.00 13   DVD TARA DVD-005244 09/07/2013 26/06/2013 1 149.00 04/12/2009 CD-ROMs, DVDs, VHS

© Delhi Public Library
Hit Counter
free hit counter